000 00211 a2200097 4500
001 3552
100 _aH.M.S
245 _aServ text book radiolocation techniques
260 _a
_bH.M.S.O
_c
090 _c2817
_d2817
942 _aNUST-CAE
_cM
_c20191
999 _c238625
_d238625